000 00445nam a22001577a 4500
999 _c14020
_d14020
003 OSt
082 _21
088 _a2
100 _aHelen, Varghese, B
_93933
100 _aREJI EMMANUEL
_93934
100 _aSHINY LUKOSE
_93935
245 _aDesign fabrication and testing of a foldable solar drier
260 _aTavanur
_bDepartment of FPME, KCAET
856 _uhttps://drive.google.com/open?id=1UZS5Nou7oz9VyqyzBTKXC9tSBdbAeDdW
942 _cPR